| 000 | 00811nam a22002057a 4500 | ||
|---|---|---|---|
| 005 | 20100813150344.0 | ||
| 010 | _aENG-100191 | ||
| 020 |
_a9788181712387 _c100.00 |
||
| 035 | _aEN-83723 | ||
| 037 | _aDBAD/PUB | ||
| 082 | _a591.05 | ||
| 100 |
_aP. Krishnamoorthy _913004 |
||
| 245 |
_aRecords of the zoological survey of India : _cby P. Krishnamoorthy _bbrachyuran crabs from the collections of marine biological centre / |
||
| 260 |
_aKolkata _bZoological Survey of India _c2009 |
||
| 270 |
_a234/4 A. J. C. Bose Road, 2nd MSO Building, Nizam Place _bKolkata _e700020 |
||
| 300 |
_a46 p. _c20cm (Pbk) |
||
| 700 | _912834 | ||
| 942 |
_2ddc _cEN _h591.05 _mPKR |
||
| 999 |
_c41765 _d41765 |
||